01278nmc a2200337 a 4500003000900000005001700009008004100026040001300067100001800080245007600098260004900174300002000223490003900243500005700282521001500339650002500354650001200379650002700391653002600418653002500444653001400469700004100483710006300524710006400587710004100651942000700692998001400699999001700713952010500730952010500835AR-BaBNM20251128211447.0274020s[200 ||||||||||||||000 | spa|| cAR-BaBNM1 aBures, Silvia10aTécnicas y prácticas jurídicasbárea profesional : 3º ciclon3 aBuenos AiresbGendarmería Nacionalc[2000] a137p.bgráfs. 0aBachiller a distancia para adultos aLas autorías han sido tomados del dorso de portada aSECUNDARIO 4aEDUCACION DE ADULTOS 4aDERECHO 4aSOLUCION DE CONFLICTOS aEDUCACION A DISTANCIA aEDUCACION SECUNDARIA aBACHILLER aMuga, María Alejandraecoordinador1 aUniversidad Nacional de CatamarcabFacultad de Humanidades1 aArgentinabGendarmeríabCentro de Educación a Distancia1 aFundación Centinela [Buenos Aires] cBK calexandra c19760d19760 00102ddc4070aLPLbLPLd2025-11-28l0o374.7 UNC 3.8p135304r2025-11-28 21:14:47w2025-11-28yBK 00102ddc4070aLPLbLPLd2025-11-28l0o374.7 UNC 3.8p135305r2025-11-28 21:14:47w2025-11-28yBK